Computational Principles of Mobile Robotics

Сохранить в:
Библиографические подробности
Главный автор: Gregory Dudek; Michael Jenkin; Dudek, Gregory; Jenkin, Michael
Формат:
Опубликовано: cup
Метки: Добавить метку
Нет меток, Требуется 1-ая метка записи!

MARC

LEADER 00000nam a2200000Ia 4500
005 20260515061619.0
100 |a Gregory Dudek; Michael Jenkin; Dudek, Gregory; Jenkin, Michael 
020 |a 9781108736381 
942 |c BK 
245 |a Computational Principles of Mobile Robotics 
260 |b cup 
999 |c 93  |d 93 
952 |0 0  |1 0  |4 0  |7 0  |a ABDN  |b ABDN  |d 2026-05-15  |l 0  |p 000048  |r 2026-05-15 06:16:19  |w 2026-05-15  |y BK